000
00335nam a2200133Ia 4500
008
151001s9999||||xx |||||||||||||| ||und||
100
_a
वा शि आपटे
245
_a
आपलं बाळ
250
_a
1
260
_b
सरिता प्रकाशन
260
_c
1984
300
_a
395
365
_b
21
999
_c
964047
_d
964044